| 000 | 00436nam a2200181Ia 4500 | ||
|---|---|---|---|
| 008 | 210210b1935 xxu||||| |||| 00| 0 eng d | ||
| 041 | _aeng | ||
| 082 | _a425/143 | ||
| 100 | _aJESPERSON (Otto) | ||
| 245 | _aEssentials of English grammar | ||
| 260 |
_aLondon _bGeorge Allen & Unwin Ltd _c1935 |
||
| 650 | _aof | ||
| 650 | _agrammar | ||
| 650 | _aEssentials | ||
| 650 | _aEnglish | ||
| 690 | _aEnglish Grammar | ||
| 906 | _a005919 | ||
| 999 |
_c128936 _d128936 |
||